01628cam a22003857a 4500003000500000005001700005008004100022010001000063011001000073020001500083035001100098040000900109082001500118100004300133245012900176260014200305300004400447590004100491590004100532590004100573590004100614590004100655590004200696650004300738650005200781650004500833650004200878700003900920901000700959905002400966942001000990949008301000999001701083952014201100CHAP20220817044036.0050825d2001 mx d r 00110 spa d a90777 a91749 a9706548610 a102312 cCHAP04a338.1bF5400aFlores Salgado, Josée, comp.94173110aEconomía industrial y agrícola en México ante la aperturac/comp. por José Flores Salgado y Ramón Tirado Jiménez aMéxico, D. F. :bUAM. Unidad Xochimilco. División de Ciencias Sociales y Humanidades. Departamento de Producción Económica,c2001 a352 p. :bgráfs. ; cuadros ; diagrama aBATCH-UPDb10c20130110lUCH01h0624 aBATCH-UPDb10c20130110lUCH01h2336 aBATCH-UPDb10c20130410lUCH01h0308 aBATCH-UPDb10c20130410lUCH01h1625 aBATCH-UPDb10c20130914lUCH01h1419 aCONVERSIONb10c20130109lUCH01h135014aAgricultura e industrializacion.9200114aAgriculturaxAspectos economicoszMexico.9131214aIndustriaxAspectos económicos.95769014aTratado Trilateral de Libre Comercio.0 aTirado Jímenez, Ramón.9113405 aBK aMarco A. Mendoza T. cLIBRO a338.1 F54bBCcLIBROd33724000976858eLIBROgI.c/eh106599i102312sbt$206.00 c90777d90777 00102ddc4052708GRALaBCbBCcPA_GRALd2019-12-31eI.c/efLIBROl0o338.1 F54p33724000976858r2019-12-31 00:00:00w2019-12-31yLIBRO